New Testament Bible Quiz - Statistics

General Stats
  • This quiz has been taken 668 times
    633 since last reset
  • The average score is 8 of 15
Answer Stats
Answer % Correct
Jesus' earthly father Joseph
98%
The Baptiser John
90%
The man who wrote Romans Paul
87%
Rose Himself from the dead Jesus
82%
He betrayed Jesus Judas
82%
The fisherman who walked on water Peter
79%
Chopped Johns head off Herod
54%
Was a greek doctor Luke
50%
Was stoned to death Stephen
45%
Was a tentmaker and a preacher Paul
38%
James and Johns' nickname Sons of Thunder
37%
The short man who climed a tree Zacchaeus
31%
He sat outside the rich man's gate Lazarus
30%
Had a slave called Onesimus Philemon
26%
Was found sitting under a fig tree Nathanael
11%
No matching quizzes found
Score Distribution
Percent of People with Each Score
Percentile by Number Answered
Your Score History
You have not taken this quiz since the last reset